Statistics for SEC Mascots Quiz

Click here to take the quiz!

General Stats

  • This quiz has been taken 44 times
  • The average score is 13 of 14

Answer Stats

SchoolMascot% Correct
Mississippi StateBulldogs
100%
GeorgiaBulldogs
100%
FloridaGators
100%
MissouriTigers
98%
AuburnTigers
98%
Louisiana StateTigers
98%
AlabamaCrimson Tide
91%
ArkansasRazorbacks
91%
KentuckyWildcats
91%
South CarolinaGamecocks
88%
TennesseeVolunteers
88%
Texas A&MAggies
84%
MississippiRebels
79%
VanderbiltCommodores
72%

Score Distribution

Percentile by Number Answered

Percent of People with Each Score

Your Score History

You have not taken this quiz